| 000 | 00992cam a22002295a 4500 | ||
|---|---|---|---|
| 001 | L143346 | ||
| 008 | 080428s2008 xxk f 000 0 eng d | ||
| 020 | _a9780749450397 | ||
| 035 | _a(Sirsi) u143346 | ||
| 041 | 0 | _aeng | |
| 050 | 0 | 4 | _a658.4 $2 18 |
| 100 | 1 | _aCameron, Esther | |
| 245 | 0 | 0 |
_aMaking sense of leadership _bexploring the five key roles used by effective leaders |
| 260 |
_aLondon _bKogan Page _c2008 |
||
| 350 | _a19.99 | ||
| 520 | _aThe authors identify five roles of successful leaders: The Edgy Catalyser, who asks difficult questions; The Visionary Motivator energising people to success; The Measured Connector enabling purposeful connections between people; The Tenacious Implementer tirelessly pursuing the plan; and The Thoughtful Architect who crafts complex ideas into an understandable direction. | ||
| 590 | _aKA | ||
| 590 | _aKA | ||
| 690 | _aMANAGEMENT-BUSINESS MANAGEMENT-HUMAN RESOURCE MANAGEMENT-LEADERSHIP | ||
| 700 | 1 | _aGreen, Mike | |
| 942 | _n0 | ||
| 999 |
_c108131 _d108131 |
||